[Event "Tournoi Skype 014A"]
[Site "Skype"]
[Date "????.??.??"]
[Round "2.9"]
[White "Antonic, Nenad"]
[Black "Yuvarlak, Ugur"]
[Result "0-1"]
[WhiteElo "1530"]
[BlackElo "1850"]
[PlyCount "54"]

1. d4 d6 2. e4 Nf6 3. Bd3 e5 4. d5 Be7 5. Nf3 Nbd7 6. c4 a5 7. a4 Nc5 8. Bc2
Nfxe4 9. Nbd2 Nxd2 10. Nxd2 O-O 11. O-O Bg5 12. Ne4 Nxe4 13. Bxe4 Bxc1 14. Qxc1
f5 15. Bc2 b6 16. f3 f4 17. Qb1 Qh4 18. Rf2 Rf6 19. g3 fxg3 20. hxg3 Qxg3+ 21.
Rg2 Qxf3 22. Bxh7+ Kf8 23. Be4 Qe3+ 24. Kh1 Rh6+ 25. Rh2 Rxh2+ 26. Kxh2 Ke7 27.
Qg1 Qh3# 0-1

[Event "Tournoi Skype 014A"]
[Site "Skype"]
[Date "????.??.??"]
[Round "2.11"]
[White "Plourde, Alain"]
[Black "Murolo, Antonio"]
[Result "1-0"]
[WhiteElo "1850"]
[BlackElo "1454"]
[PlyCount "97"]

1. d4 Nf6 2. c4 e6 3. Nf3 d5 4. Bg5 Be7 5. e3 O-O 6. Nc3 Nbd7 7. Bd3 h6 8. Bh4
c6 9. O-O b6 10. Qc2 Ba6 11. b3 Rc8 12. Qe2 dxc4 13. bxc4 Bb7 14. Rfd1 Qc7 15.
Rac1 c5 16. Bg3 Qd8 17. h3 cxd4 18. exd4 Re8 19. Nb5 a6 20. Nd6 Bxd6 21. Bxd6
Nf8 22. c5 bxc5 23. dxc5 Nd5 24. Bxa6 Bxa6 25. Qxa6 Ra8 26. Qe2 Qa5 27. Rd2 Nc3
28. Qc4 Na4 29. c6 Nb6 30. Qb4 Qxb4 31. Bxb4 Nd5 32. a3 Rec8 33. Nd4 Ng6 34.
Nb5 Ra6 35. c7 Nge7 36. Bxe7 Nxe7 37. Rd8+ Kh7 38. Rxc8 Nxc8 39. Rd1 Rc6 40.
Rd8 Ne7 41. Rd7 Nd5 42. Rxf7 Kg6 43. Rd7 Kf6 44. g3 Rc5 45. a4 Nb6 46. Rd8 Ke7
47. a5 Nc8 48. Rxc8 Rxb5 49. Ra8 1-0

[Event "Tournoi Skype 014A"]
[Site "Skype"]
[Date "????.??.??"]
[Round "2.12"]
[White "Jacquelin, Norbert"]
[Black "Trivedi, Viral"]
[Result "1-0"]
[WhiteElo "1899"]
[BlackElo "1536"]
[PlyCount "97"]

1. e4 e5 2. f4 d6 3. Nf3 Bg4 4. Bc4 Nc6 5. c3 Nf6 6. d3 Qd7 7. O-O Na5 8. Bb3
Nxb3 9. Qxb3 Qc6 10. fxe5 dxe5 11. Nxe5 Qb6+ 12. Qxb6 axb6 13. Nxg4 Nxg4 14. d4
f6 15. h3 Nh6 16. Bxh6 gxh6 17. Rxf6 O-O-O 18. a4 Bg7 19. Rf7 Rd7 20. Rxd7 Kxd7
21. Nd2 c5 22. d5 Re8 23. Re1 b5 24. axb5 Bf6 25. Nc4 Bh4 26. Re2 Bd8 27. e5 b6
28. e6+ Ke7 29. d6+ Kf8 30. e7+ Bxe7 31. Rxe7 Rxe7 32. dxe7+ Kxe7 33. Nxb6 Kd6
34. c4 Kc7 35. Nd5+ Kd6 36. Kf2 h5 37. Ke3 h4 38. Ke4 h5 39. Kf5 Kd7 40. Ke5
Kc8 41. Kd6 Kb7 42. Kxc5 Kb8 43. Kd6 Kb7 44. c5 Kc8 45. c6 Kd8 46. c7+ Kc8 47.
Ne7+ Kb7 48. c8=Q+ Kb6 49. Qa6# 1-0

[Event "Tournoi Skype 014A"]
[Site "Skype"]
[Date "????.??.??"]
[Round "2.13"]
[White "Yardimci, Ertan"]
[Black "Janssen, Gerard"]
[Result "0-1"]
[WhiteElo "1455"]
[BlackElo "1717"]
[PlyCount "52"]

1. e4 c5 2. Nf3 Nc6 3. d4 cxd4 4. Nxd4 e5 5. Nxc6 bxc6 6. Nc3 Nf6 7. Bg5 Be7 8.
Qd2 Qb6 9. O-O-O a5 10. Bc4 a4 11. a3 O-O 12. f4 exf4 13. e5 Bxa3 14. bxa3 Rb8
15. Qd3 Ng4 16. Ne4 Nxe5 17. Qc3 Nxc4 18. Qxc4 Qe3+ 19. Rd2 d5 20. Qxa4 dxe4
21. Qxc6 h6 22. Bh4 Qxa3+ 23. Kd1 Qa1+ 24. Ke2 Qxh1 25. Qc7 Qxg2+ 26. Bf2 Bg4+
0-1

[Event "Tournoi Skype 014A"]
[Site "Skype"]
[Date "????.??.??"]
[Round "2.14"]
[White "Leost, Joel"]
[Black "Bourdeau, Yvan"]
[Result "0-1"]
[WhiteElo "1442"]
[BlackElo "1703"]
[PlyCount "116"]

1. e4 c5 2. Bc4 Nc6 3. Nc3 e6 4. Nf3 Nf6 5. d4 cxd4 6. Nxd4 d6 7. Be3 a6 8. a3
Ne5 9. Bb3 Qa5 10. O-O Bd7 11. f3 Rc8 12. Bd2 Qb6 13. Be3 Qc7 14. Rf2 Be7 15.
Bg5 h6 16. Bxf6 Bxf6 17. Kh1 O-O 18. Qe2 Nc4 19. Bxc4 Bxd4 20. Bb3 Bxf2 21.
Qxf2 Rfd8 22. Rd1 b5 23. Rd2 Bc6 24. Qe2 Qb7 25. Qd1 Qc7 26. h3 Rd7 27. Qe2
Rcd8 28. Qd3 d5 29. exd5 exd5 30. Nxd5 Bxd5 31. Bxd5 Rxd5 32. Qxd5 Rxd5 33.
Rxd5 Qxc2 34. Rd8+ Kh7 35. Ra8 Qxb2 36. Rxa6 Qd4 37. Rc6 h5 38. Ra6 g6 39. Ra5
Qb6 40. Ra8 Qb7 41. Rd8 Qe7 42. Rd3 Kh6 43. Rb3 Qe5 44. Rb4 f5 45. Kg1 Kg5 46.
h4+ Kf6 47. Kf2 Qc5+ 48. Kg3 Ke5 49. f4+ Kd5 50. Rb3 Qc4 51. Rf3 Kd4 52. Kh3
Qc3 53. Rxc3 Kxc3 54. Kg3 Kb3 55. Kf3 Kxa3 56. Ke3 b4 57. Kd2 b3 58. Kc1 Ka2
0-1

[Event "Tournoi Skype 014A"]
[Site "Skype"]
[Date "????.??.??"]
[Round "2.15"]
[White "Rescober, Joel Plata"]
[Black "Mulrooney, Justin"]
[Result "1/2-1/2"]
[WhiteElo "1699"]
[BlackElo "1624"]
[PlyCount "76"]

1. d4 e6 2. c4 Nf6 3. Nc3 Be7 4. Nf3 O-O 5. e3 b6 6. Be2 Bb7 7. O-O d5 8. cxd5
Nxd5 9. Nxd5 Bxd5 10. Nd2 f5 11. Bf3 Nd7 12. Bxd5 exd5 13. Re1 Bd6 14. Nf3 Nf6
15. h3 Kh8 16. Bd2 Ne4 17. Rc1 g5 18. Qb3 g4 19. Ne5 gxh3 20. Qxd5 Qg5 21. g3
h2+ 22. Kg2 Qh5 23. Rh1 Qe2 24. Be1 Nxg3 25. Rxh2 Ne4 26. Ng6+ Kg7 27. Rxc7+
Bxc7 28. Qd7+ Rf7 29. Rxh7+ Kxh7 30. Qxf7+ Kh6 31. Qxc7 Qg4+ 32. Kf1 Qxg6 33.
Qh2+ Qh5 34. Qg2 Qg4 35. Qh2+ Qh5 36. Qg2 Qg4 37. Qh2+ Qh5 38. Qg2 Qg4 1/2-1/2

[Event "Tournoi Skype 014A"]
[Site "Skype"]
[Date "????.??.??"]
[Round "2.16"]
[White "Duthoit, Bernard"]
[Black "Murgia, Stefano"]
[Result "0-1"]
[WhiteElo "1487"]
[BlackElo "1699"]
[PlyCount "44"]

1. e4 e5 2. Nf3 Nc6 3. Bb5 Nd4 4. Nxd4 exd4 5. c3 Qg5 6. Bf1 Bc5 7. d3 Qg6 8.
g3 d6 9. Bg2 Nf6 10. O-O h5 11. Bf4 h4 12. h3 hxg3 13. fxg3 dxc3+ 14. d4 cxb2
15. Na3 bxa1=Q 16. Qxa1 Bxa3 17. Qd1 Bb2 18. g4 Bd7 19. d5 O-O-O 20. Qb3 Bd4+
21. Kh2 Nxg4+ 22. Kh1 Nf2+ 0-1

[Event "Tournoi Skype 014A"]
[Site "Skype"]
[Date "????.??.??"]
[Round "2.17"]
[White "Maneval, Dustin"]
[Black "Patra Kumar, Subhendu"]
[Result "0-1"]
[WhiteElo "1532"]
[BlackElo "1838"]
[PlyCount "44"]

1. d4 d5 2. Bf4 Nf6 3. e3 e6 4. Nd2 c5 5. Ngf3 Nc6 6. c4 cxd4 7. exd4 dxc4 8.
Bxc4 Nxd4 9. O-O Nxf3+ 10. Nxf3 Qxd1 11. Raxd1 Be7 12. Rfe1 O-O 13. Nh4 Nh5 14.
Bd2 Bxh4 15. g3 Be7 16. Re4 Rd8 17. Be2 Nf6 18. Rc4 Nd5 19. Rg4 Bd7 20. Bh6 Bf6
21. Bc4 Nb6 22. Bb3 e5 0-1

[Event "Tournoi Skype 014A"]
[Site "Skype"]
[Date "????.??.??"]
[Round "2.18"]
[White "Baue, Michel"]
[Black "Grib, Johannes"]
[Result "1-0"]
[WhiteElo "1713"]
[BlackElo "1432"]
[PlyCount "45"]

1. e4 e5 2. Nf3 Nc6 3. Bb5 Nf6 4. O-O Bc5 5. c3 O-O 6. Re1 d6 7. h3 Ne7 8. d4
Bb6 9. Bg5 Ng6 10. Nbd2 c6 11. Ba4 h6 12. Be3 d5 13. dxe5 Nxe4 14. Bc2 Bxe3 15.
Rxe3 Ng5 16. Nxg5 hxg5 17. Qh5 d4 18. Rg3 d3 19. Bxd3 Re8 20. Nc4 Be6 21. Nd6
Re7 22. Qxg5 Qa5 23. Bxg6 1-0

[Event "Tournoi Skype 014A"]
[Site "Skype"]
[Date "????.??.??"]
[Round "2.19"]
[White "Engstrom, Olle"]
[Black "Malbec, Robert"]
[Result "1-0"]
[WhiteElo "1680"]
[BlackElo "1529"]
[PlyCount "41"]

1. e4 e5 2. Nf3 Nc6 3. Bb5 a6 4. Ba4 Nf6 5. O-O b5 6. Bb3 Bc5 7. c3 d6 8. d4
exd4 9. cxd4 Ba7 10. h3 O-O 11. Re1 Bb7 12. Nc3 Re8 13. Bg5 h6 14. Bh4 g5 15.
Nxg5 hxg5 16. Bxg5 Bxd4 17. Nd5 Bxf2+ 18. Kxf2 Nxe4+ 19. Rxe4 Qxg5 20. Rg4 Rac8
21. Rxg5+ 1-0

[Event "Tournoi Skype 014A"]
[Site "Skype"]
[Date "????.??.??"]
[Round "2.20"]
[White "L'Herbon De Lussats, Jean"]
[Black "Casey, Eamonn"]
[Result "0-1"]
[WhiteElo "1529"]
[BlackElo "1665"]
[PlyCount "108"]

1. c4 Nf6 2. Nc3 e6 3. e4 d6 4. d4 Nbd7 5. Nf3 g6 6. Bg5 e5 7. d5 Bg7 8. Qd2 h6
9. Bh4 O-O 10. g4 g5 11. Bg3 Nxg4 12. h4 gxh4 13. Bxh4 Ngf6 14. O-O-O Nc5 15.
Rg1 Kh8 16. Rg3 Ncxe4 17. Nxe4 Nxe4 18. Bxd8 Nxd2 19. Nxd2 Rxd8 20. Bd3 f5 21.
Rh1 e4 22. Bc2 Re8 23. Rg5 Bd7 24. f4 e3 25. Nf3 e2 26. Rgh5 Re3 27. R5h3 Rae8
28. Re1 Kg8 29. b3 Bc3 30. Rg1+ Kf8 31. Rhg3 e1=Q+ 32. Nxe1 Rxe1+ 33. Bd1 Rxg1
34. Rxg1 Re1 35. Rg6 h5 36. Kc2 Be8 37. Rg5 Bf6 38. Rxf5 Bg6 39. Kd2 Rxd1+ 40.
Kxd1 Bxf5 41. Ke2 Bb1 42. a3 Ba2 43. Kf3 Bxb3 44. f5 Bxc4 45. Ke4 h4 46. Kf3
Bxd5+ 47. Kf2 Be5 48. Ke3 h3 49. f6 h2 50. a4 h1=Q 51. a5 Qe4+ 52. Kd2 Bf4+ 53.
Kc3 Qc4+ 54. Kb2 Qb3+ 0-1

[Event "Tournoi Skype 014A"]
[Site "Skype"]
[Date "????.??.??"]
[Round "2.21"]
[White "Galani, Mahendra"]
[Black "Rajpurohit, Dinesh"]
[Result "0-1"]
[WhiteElo "1523"]
[BlackElo "1665"]
[PlyCount "68"]

1. c3 c5 2. e4 d6 3. h3 Nf6 4. Qc2 g6 5. Nf3 Bg7 6. Bb5+ Bd7 7. Be2 Bc6 8. d3
Nbd7 9. Be3 Qc7 10. Nbd2 O-O 11. g4 e6 12. Rg1 d5 13. g5 Ne8 14. Rg4 dxe4 15.
dxe4 f5 16. gxf6 Nexf6 17. Bf4 e5 18. Qb3+ Kh8 19. Nxe5 Nxe5 20. Rg5 Nfd7 21.
Bg3 Bh6 22. Rg4 Bxd2+ 23. Kxd2 Qd8 24. Rh4 c4 25. Qb4 Rf3 26. Rd1 Rxg3 27. fxg3
Qg5+ 28. Rf4 Rd8 29. Rdf1 Nc5+ 30. Kc2 Qe7 31. g4 g5 32. Rf6 Bxe4+ 33. Kc1
Ned3+ 34. Bxd3 Nxd3+ 0-1

[Event "Tournoi Skype 014A"]
[Site "Skype"]
[Date "????.??.??"]
[Round "2.22"]
[White "Ali, Mohammad"]
[Black "Holtz, Steve"]
[Result "1-0"]
[WhiteElo "1633"]
[BlackElo "1523"]
[PlyCount "105"]

1. e4 c5 2. Nf3 d6 3. d4 cxd4 4. Nxd4 e5 5. Nb3 Nf6 6. Nc3 Nc6 7. Be2 Be6 8.
O-O Qd7 9. Be3 a6 10. h3 Ne7 11. f4 exf4 12. Rxf4 Ng6 13. Rf2 Rc8 14. a4 d5 15.
exd5 Bxd5 16. Bf3 Rd8 17. Bb6 Bxf3 18. Qe1+ Be7 19. Bxd8 Qxd8 20. Rxf3 O-O 21.
Rd1 Qb6+ 22. Kh1 Re8 23. Qf2 Qc7 24. Re1 Ne5 25. Qg3 Nfd7 26. Nd5 Qd6 27. Nxe7+
Rxe7 28. Rd3 Qc6 29. Rde3 Qxc2 30. Rxe5 Nxe5 31. Rxe5 Rxe5 32. Qxe5 h6 33. Qb8+
Kh7 34. Qxb7 Qd1+ 35. Kh2 Qd6+ 36. g3 Qe5 37. Nd2 h5 38. Qe4+ Qxe4 39. Nxe4 Kg6
40. b4 Kf5 41. Nd6+ Ke6 42. Nxf7 Kxf7 43. b5 axb5 44. axb5 Ke7 45. g4 h4 46.
Kg2 Kd6 47. Kf3 Kc5 48. Kf4 Kxb5 49. Kf5 Kc6 50. Ke6 Kc5 51. g5 Kd4 52. g6 Ke4
53. Kf7 1-0

[Event "Tournoi Skype 014A"]
[Site "Skype"]
[Date "????.??.??"]
[Round "2.23"]
[White "Karia, Vijay"]
[Black "Solak, Yusuf"]
[Result "1-0"]
[WhiteElo "1604"]
[BlackElo "1514"]
[PlyCount "72"]

1. e4 e6 2. d4 d5 3. e5 c5 4. c3 Nc6 5. f4 Qb6 6. Nf3 Bd7 7. b3 Nge7 8. Be3 Nf5
9. Bf2 cxd4 10. Bd3 Qd8 11. Bxf5 exf5 12. Nxd4 g6 13. Nf3 Be6 14. O-O Be7 15.
Qe1 O-O 16. Bh4 Qb6+ 17. Kh1 Bd8 18. Nbd2 a5 19. Bg5 Bxg5 20. Nxg5 h6 21. Nh3
Kg7 22. Nf3 Rh8 23. Rd1 Rad8 24. Qh4 Qc5 25. Qf6+ Kh7 26. Nfg5+ hxg5 27. Nxg5+
Kg8 28. Nxe6 fxe6 29. Qxg6+ Kf8 30. Qf6+ Ke8 31. Qxh8+ Kd7 32. Qg7+ Kc8 33. Qf7
Ne7 34. Qxe6+ Kb8 35. Qf6 Rg8 36. Qd6+ Ka8 1-0

[Event "Tournoi Skype 014A"]
[Site "Skype"]
[Date "????.??.??"]
[Round "2.24"]
[White "Fouquereau, Andre"]
[Black "Loyarte, Frederic"]
[Result "1-0"]
[WhiteElo "1511"]
[BlackElo "1544"]
[PlyCount "37"]

1. e4 e5 2. Nf3 Nc6 3. c3 Nf6 4. Qc2 d5 5. Bb5 dxe4 6. Nxe5 Qd5 7. Nxf7 Kxf7 8.
Ba4 Bc5 9. Bb3 Be6 10. Bxd5 Bxd5 11. d3 Rhe8 12. d4 Bd6 13. Be3 Re7 14. Nd2 Rf8
15. O-O Ke8 16. c4 Nb4 17. Qb3 Be6 18. Qa4+ Nc6 19. d5 1-0

[Event "Tournoi Skype 014A"]
[Site "Skype"]
[Date "????.??.??"]
[Round "2.25"]
[White "Briere, Jean"]
[Black "Meaney, Mike"]
[Result "1-0"]
[WhiteElo "1537"]
[BlackElo "1497"]
[PlyCount "59"]

1. e4 e5 2. Nf3 Nc6 3. d4 d6 4. dxe5 dxe5 5. Qxd8+ Nxd8 6. Nxe5 Be6 7. Nc3 Bd6
8. Nc4 Bc5 9. Bd3 Nf6 10. h3 Nc6 11. O-O h6 12. Bf4 Rc8 13. Rad1 Nh5 14. Ne2
Nd4 15. Be3 Nxe2+ 16. Bxe2 Bxe3 17. Nxe3 Nf6 18. e5 Nd7 19. Bg4 Bxg4 20. Nxg4
Rd8 21. f4 O-O 22. Rd3 h5 23. Nf2 Rfe8 24. Rfd1 Re7 25. Ne4 b6 26. Kf2 Kf8 27.
g3 Ke8 28. c4 c5 29. Nd6+ Kf8 30. Nf5 1-0

[Event "Tournoi Skype 014A"]
[Site "Skype"]
[Date "????.??.??"]
[Round "3.1"]
[White "Auger, Bertrand"]
[Black "Deville, Olivier"]
[Result "1-0"]
[WhiteElo "2085"]
[BlackElo "1866"]
[PlyCount "143"]

1. Nf3 c5 2. g3 Nc6 3. c4 e5 4. Nc3 g6 5. Bg2 Bg7 6. O-O Nge7 7. d3 O-O 8. Bg5
h6 9. Bd2 d6 10. Rb1 Be6 11. a3 a5 12. Na4 Rb8 13. Nc3 d5 14. cxd5 Nxd5 15.
Nxd5 Bxd5 16. Qc1 Kh7 17. Qxc5 Bxf3 18. exf3 Qxd3 19. Qe3 Rbd8 20. Rfd1 Qf5 21.
f4 exf4 22. Qxf4 Qxf4 23. Bxf4 Rxd1+ 24. Rxd1 Bxb2 25. Rb1 Bxa3 26. Rxb7 Nd4
27. Be5 Ne6 28. Bd5 Kg8 29. Bxe6 fxe6 30. Rg7+ Kh8 31. Rxg6+ Kh7 32. Rg7+ Kh8
33. Ra7+ Kg8 34. Rxa5 Bb4 35. Ra4 Bc5 36. Rg4+ Kf7 37. Rf4+ Kg8 38. Rxf8+ Kxf8
39. g4 Kf7 40. h4 Be7 41. h5 Bd8 42. Kg2 Be7 43. f4 Bh4 44. Kf3 Be7 45. Ke4 Bh4
46. Kd3 Be7 47. Kc4 Bh4 48. Kc5 Be7+ 49. Kc6 Bh4 50. Kd7 Bf2 51. Bc7 Be3 52.
Be5 Bf2 53. Kc6 Bh4 54. Kc5 Bf2+ 55. Kc4 Bh4 56. Kd3 Be7 57. Ke4 Bh4 58. Bd4
Be7 59. Be3 Bf8 60. g5 hxg5 61. fxg5 Bg7 62. h6 Bf8 63. h7 Bg7 64. Bd4 Kg6 65.
Bxg7 Kxg7 66. g6 Kh8 67. Ke5 Kg7 68. Kxe6 Kh8 69. Kf5 Kg7 70. h8=Q+ Kxh8 71.
Kf6 Kg8 72. g7 1-0

[Event "Tournoi Skype 014A"]
[Site "Skype"]
[Date "????.??.??"]
[Round "3.2"]
[White "Karlsen, Christian"]
[Black "Lambert, Pierre"]
[Result "1-0"]
[WhiteElo "1917"]
[BlackElo "1850"]
[PlyCount "29"]

1. c4 Nf6 2. d4 g6 3. Nc3 Bg7 4. e4 d6 5. Nf3 Bg4 6. Be2 Bxf3 7. Bxf3 O-O 8. e5
dxe5 9. dxe5 Nbd7 10. exf6 Bxf6 11. Bxb7 Rb8 12. Be4 Ne5 13. Qc2 c6 14. Bf4
Nxc4 15. Bxb8 1-0

[Event "Tournoi Skype 014A"]
[Site "Skype"]
[Date "????.??.??"]
[Round "3.3"]
[White "Yuvarlak, Ugur"]
[Black "Donmez, Unal"]
[Result "0-1"]
[WhiteElo "1850"]
[BlackElo "1905"]
[PlyCount "58"]

1. e4 e5 2. Nf3 Nc6 3. Bc4 Nf6 4. d3 Bc5 5. c3 d6 6. h3 Na5 7. Bb5+ c6 8. Ba4
b5 9. Bc2 Bb6 10. b4 Nb7 11. Nbd2 a5 12. Bb2 axb4 13. cxb4 Qe7 14. Bb3 Nd8 15.
O-O Ne6 16. Re1 Qa7 17. Qe2 Nf4 18. Qf1 N6h5 19. d4 Kf8 20. Kh2 g5 21. dxe5
Bxf2 22. exd6 Ng3 23. Bxh8 Nxf1+ 24. Rxf1 g4 25. hxg4 Be3 26. Bb2 Qd7 27. Ne5
Qxd6 28. Ndf3 Qh6+ 29. Kg3 Ne2# 0-1

[Event "Tournoi Skype 014A"]
[Site "Skype"]
[Date "????.??.??"]
[Round "3.4"]
[White "Segura Lozano, Marcos Antonio"]
[Black "Sojka, Bernard"]
[Result "0-1"]
[WhiteElo "1899"]
[BlackElo "1830"]
[PlyCount "98"]

1. d4 Nf6 2. c4 c5 3. e3 cxd4 4. exd4 d5 5. Nc3 Nc6 6. h3 e6 7. Bf4 Qb6 8. c5
Qxb2 9. Rc1 Qb4 10. Nf3 Ne4 11. Qd3 Nxc5 12. Qe3 Ne4 13. Be2 Nxc3 14. Rxc3
Qxc3+ 15. Qxc3 Bb4 16. Qxb4 Nxb4 17. Bd6 Nc6 18. O-O f6 19. g4 Bd7 20. Rb1 Na5
21. Nd2 b6 22. Ba6 Bc6 23. Rc1 Kd7 24. Bb4 Bb7 25. Bb5+ Nc6 26. Bc3 a6 27. Bd3
Rac8 28. Rb1 b5 29. f4 Ne5 30. fxe5 Rxc3 31. Bf1 fxe5 32. dxe5 Rhc8 33. Nb3 Re3
34. a4 Rcc3 35. Nd4 Bc6 36. axb5 axb5 37. Nxb5 Bxb5 38. Bxb5+ Kc7 39. Bf1 Rxe5
40. Ra1 Kd6 41. Ra7 Rc7 42. Ra6+ Kc5 43. Ra5+ Kd4 44. Ra4+ Ke3 45. Ra3+ Kf4 46.
Bg2 Re3 47. Ra4+ Kg3 48. Ra1 Rc2 49. Rf1 Rxg2+ 0-1

[Event "Tournoi Skype 014A"]
[Site "Skype"]
[Date "????.??.??"]
[Round "3.5"]
[White "Rico Hernandez, Edgar"]
[Black "Hilton, Stephen"]
[Result "0-1"]
[WhiteElo "1814"]
[BlackElo "1903"]
[PlyCount "74"]

1. d4 Nf6 2. c4 g6 3. Nc3 d5 4. e3 Bg7 5. Nf3 O-O 6. Bd3 b6 7. O-O Bb7 8. Qe2
Nbd7 9. b4 c5 10. Rb1 cxb4 11. Rxb4 dxc4 12. Bxc4 Rc8 13. Nb5 a6 14. Na3 b5 15.
Bd3 Qa5 16. Qb2 Nd5 17. Rb3 Nc5 18. Bd2 Qd8 19. Nc2 Nxb3 20. Qxb3 Nf6 21. Nce1
Ne4 22. Bb4 a5 23. Bxe4 Bxe4 24. Bc5 Bc6 25. Nd3 Re8 26. Nfe5 Qd5 27. Nxc6 Qxc6
28. Rc1 e5 29. d5 Qd7 30. e4 Bf8 31. g3 Bd6 32. Kg2 b4 33. Qb2 Bxc5 34. Nxc5
Qd6 35. Nd3 Rxc1 36. Qxc1 f6 37. Qc4 Re7 0-1

[Event "Tournoi Skype 014A"]
[Site "Skype"]
[Date "????.??.??"]
[Round "3.6"]
[White "Janssen, Gerard"]
[Black "Jacquelin, Norbert"]
[Result "0-1"]
[WhiteElo "1717"]
[BlackElo "1899"]
[PlyCount "102"]

1. d4 d5 2. c4 e6 3. Nc3 c5 4. cxd5 exd5 5. dxc5 d4 6. Ne4 Bxc5 7. Nxc5 Qa5+ 8.
Bd2 Qxc5 9. Rc1 Qf5 10. Qa4+ Nc6 11. Nf3 Qd7 12. e3 dxe3 13. Bxe3 Nge7 14. Bb5
O-O 15. O-O Qg4 16. h3 Qxa4 17. Bxa4 Nb4 18. Bc5 Nd3 19. Bxe7 Nxc1 20. Bxf8
Ne2+ 21. Kh2 Kxf8 22. g3 Bf5 23. Re1 Bd3 24. Ne5 Ba6 25. Nd7+ Kg8 26. Nc5 Nd4
27. Re4 Nf3+ 28. Kg2 Nd2 29. Rf4 Bf1+ 30. Kh2 g5 31. Rf5 h6 32. Nxb7 Bd3 33.
Rd5 Nf3+ 34. Kg2 Be4 35. Rd7 Ne5+ 36. f3 Bxf3+ 37. Kf2 Nxd7 38. Kxf3 Ne5+ 39.
Ke4 Nc4 40. b3 Nb6 41. Bc6 Rc8 42. Bb5 Rc3 43. h4 Rxg3 44. hxg5 h5 45. Kf5 h4
46. Nd6 h3 47. Ne4 Rf3+ 48. Kg4 h2 49. Bc6 h1=Q 50. Nf6+ Kg7 51. Bxf3 Qg1+ 0-1

[Event "Tournoi Skype 014A"]
[Site "Skype"]
[Date "????.??.??"]
[Round "3.7"]
[White "Bourdeau, Yvan"]
[Black "Plourde, Alain"]
[Result "0-1"]
[WhiteElo "1703"]
[BlackElo "1850"]
[PlyCount "62"]

1. c4 Nf6 2. Nf3 e6 3. Nc3 d5 4. g3 c5 5. d4 cxd4 6. Nxd4 dxc4 7. Qa4+ Bd7 8.
Qxc4 Nc6 9. Bg2 Rc8 10. Nxc6 Bxc6 11. Bxc6+ Rxc6 12. Qb5 Qb6 13. O-O Qxb5 14.
Nxb5 a6 15. Nd4 Rc4 16. e3 Bc5 17. b3 Bxd4 18. exd4 Rxd4 19. Bb2 Rd7 20. Bxf6
gxf6 21. Rac1 Ke7 22. Rc2 Rhd8 23. Rfc1 Rd1+ 24. Rxd1 Rxd1+ 25. Kg2 Kd7 26. Kf3
Rd5 27. h4 h5 28. Ke3 a5 29. Rc4 b5 30. Rf4 f5 31. Rc4 bxc4 0-1

[Event "Tournoi Skype 014A"]
[Site "Skype"]
[Date "????.??.??"]
[Round "3.8"]
[White "Murgia, Stefano"]
[Black "Ergin, Ahmet"]
[Result "0-1"]
[WhiteElo "1699"]
[BlackElo "1770"]
[PlyCount "37"]

1. e4 d5 2. exd5 Nf6 3. d4 Bg4 4. Nf3 Qxd5 5. Nc3 Qh5 6. Be2 Nc6 7. Be3 O-O-O
8. Qd2 e5 9. d5 Bb4 10. O-O-O e4 11. Nd4 Bxc3 12. Bxg4+ Qxg4 13. Qxc3 Nxd5 14.
Qa3 Nxe3 15. f3 exf3 16. Nxc6 Rxd1+ 17. Rxd1 Nxd1 18. Nxa7+ Kb8 19. Nb5 0-1

[Event "Tournoi Skype 014A"]
[Site "Skype"]
[Date "????.??.??"]
[Round "3.9"]
[White "Casey, Eamonn"]
[Black "Hervais, Adrien"]
[Result "1/2-1/2"]
[WhiteElo "1665"]
[BlackElo "1998"]
[PlyCount "75"]

1. d4 e6 2. c4 d5 3. Nf3 Nf6 4. Nc3 Bb4 5. cxd5 exd5 6. Bd2 O-O 7. e3 Bg4 8. a3
Bd6 9. Bd3 Re8 10. O-O Ne4 11. Be2 c6 12. h3 Bh5 13. Nxe4 dxe4 14. Nh2 Bg6 15.
f3 exf3 16. Nxf3 Nd7 17. Qb3 Qc7 18. Nh4 Nf6 19. Nxg6 hxg6 20. Bd3 Ne4 21. Bxe4
Rxe4 22. Rf3 Rf8 23. Raf1 Qe7 24. Qd3 Qe6 25. Be1 Re8 26. Bd2 Re7 27. Re1 f5
28. Kf2 g5 29. Bb4 Bxb4 30. axb4 g4 31. hxg4 fxg4 32. Rg3 Qf6+ 33. Kg1 Qh4 34.
Qb3+ Kh7 35. Kf2 R7e6 36. Qd3 Kh8 37. Qb1 Rf6+ 38. Ke2 1/2-1/2

[Event "Tournoi Skype 014A"]
[Site "Skype"]
[Date "????.??.??"]
[Round "3.10"]
[White "Patra Kumar, Subhendu"]
[Black "Ali, Mohammad"]
[Result "1-0"]
[WhiteElo "1838"]
[BlackElo "1633"]
[PlyCount "65"]

1. Nf3 Nf6 2. g3 Nc6 3. Bg2 e5 4. d3 d5 5. Nbd2 Be6 6. O-O Bc5 7. c3 O-O 8. e4
d4 9. Qc2 Qe7 10. Nb3 Rfd8 11. Nxc5 Qxc5 12. Bg5 Qe7 13. Rad1 h6 14. Bd2 Bxa2
15. b3 Qa3 16. Ra1 Bxb3 17. Qb1 Qd6 18. Qxb3 dxc3 19. Qxc3 Qxd3 20. Qxd3 Rxd3
21. Rfe1 Nd4 22. Nxd4 Rxd2 23. Nf3 Rd6 24. Nxe5 Rd4 25. f4 a6 26. Rab1 b6 27.
Nc6 Ra4 28. e5 Nd7 29. Ne7+ Kf8 30. Ng6+ fxg6 31. Bxa8 Ke7 32. Bc6 Nc5 33. Bxa4
1-0

[Event "Tournoi Skype 014A"]
[Site "Skype"]
[Date "????.??.??"]
[Round "3.11"]
[White "Rajpurohit, Dinesh"]
[Black "Brun, Jacques"]
[Result "0-1"]
[WhiteElo "1665"]
[BlackElo "1825"]
[PlyCount "56"]

1. c4 g6 2. Nf3 c5 3. d4 cxd4 4. Qxd4 Nf6 5. Nc3 Bg7 6. Ne4 O-O 7. Nxf6+ Bxf6
8. Qd1 d6 9. e4 Nc6 10. Be2 Re8 11. O-O b6 12. Rb1 Bb7 13. Bd2 Rc8 14. b3 Ne5
15. Nxe5 Bxe5 16. f4 Bd4+ 17. Kh1 Bxe4 18. Ra1 Bxa1 19. Qxa1 Qc7 20. Bc3 f6 21.
Qe1 Qc6 22. Bf3 Bxf3 23. Rxf3 e5 24. fxe5 dxe5 25. Qh4 Rcd8 26. h3 f5 27. Bxe5
Rd1+ 28. Kh2 Rxe5 0-1

[Event "Tournoi Skype 014A"]
[Site "Skype"]
[Date "????.??.??"]
[Round "3.12"]
[White "Mulrooney, Justin"]
[Black "Elias, Roberto"]
[Result "1/2-1/2"]
[WhiteElo "1624"]
[BlackElo "1809"]
[PlyCount "94"]

1. d4 f5 2. Nf3 Nf6 3. e3 e6 4. Be2 Be7 5. c4 O-O 6. O-O c6 7. Nc3 d5 8. Ne5
Bd7 9. f3 Be8 10. e4 fxe4 11. fxe4 Nbd7 12. Nxd7 Bxd7 13. e5 Ne8 14. Be3 g6 15.
Rxf8+ Bxf8 16. Qd2 Ng7 17. g4 Be7 18. Rf1 Bh4 19. Bd3 Qe7 20. Ne2 b5 21. c5 Rf8
22. Rxf8+ Qxf8 23. Nf4 Be8 24. Ng2 Qe7 25. Bh6 g5 26. Nxh4 gxh4 27. Bg5 Qf7 28.
Bf6 Qf8 29. Qh6 Bg6 30. Bxg6 hxg6 31. Qxg6 Qf7 32. Qg5 a5 33. Qxh4 Qg6 34. Bxg7
Qb1+ 35. Kg2 Qc2+ 36. Qf2 Qe4+ 37. Qf3 Qc2+ 38. Kg3 Kxg7 39. Qf6+ Kh7 40. Qf7+
Kh8 41. h4 Qd3+ 42. Qf3 Qxd4 43. Qf6+ Kh7 44. g5 Qg1+ 45. Kf4 Qf2+ 46. Kg4 Qe2+
47. Kf4 Qf2+ 1/2-1/2

[Event "Tournoi Skype 014A"]
[Site "Skype"]
[Date "????.??.??"]
[Round "3.13"]
[White "Carballo, Jorge"]
[Black "Karia, Vijay"]
[Result "0-1"]
[WhiteElo "1777"]
[BlackElo "1604"]
[PlyCount "62"]

1. e4 d5 2. exd5 Qxd5 3. Nf3 Nf6 4. Nc3 Qa5 5. Be2 Bf5 6. O-O Nbd7 7. d4 c6 8.
Bd2 Qb6 9. Na4 Qc7 10. Re1 e6 11. Nh4 Bg6 12. Bg4 Bxc2 13. Qxc2 Nxg4 14. h3
Qh2+ 15. Kf1 Ngf6 16. Ke2 h6 17. Rh1 Qc7 18. Rae1 Bd6 19. Kd1 O-O 20. Nf3 Rac8
21. Nc3 c5 22. Nb5 Qb6 23. Nxd6 Qxd6 24. Qd3 cxd4 25. Qxd4 Qa6 26. a3 Rfd8 27.
Re2 Nc5 28. Qb4 Qd3 29. Ree1 Nb3 30. Qc3 Rxc3 31. bxc3 Nxd2 0-1

[Event "Tournoi Skype 014A"]
[Site "Skype"]
[Date "????.??.??"]
[Round "3.14"]
[White "Meyer, Eric"]
[Black "Briere, Jean"]
[Result "1-0"]
[WhiteElo "1740"]
[BlackElo "1537"]
[PlyCount "81"]

1. d4 d5 2. c4 e6 3. Nc3 Nf6 4. Nf3 Bb4 5. Qc2 O-O 6. e3 c5 7. cxd5 cxd4 8.
Nxd4 Nxd5 9. Bd2 Nc6 10. Nxc6 bxc6 11. Bd3 Nf6 12. O-O Bb7 13. a3 Ba5 14. b4
Bc7 15. Ne4 h6 16. Nxf6+ Qxf6 17. Be4 Be5 18. Rac1 Rac8 19. Bc3 Rfd8 20. Bxe5
Qxe5 21. Rfd1 Rd6 22. Rxd6 Qxd6 23. Rd1 Qc7 24. g3 Qb6 25. Rd6 Qc7 26. Qc5 a6
27. a4 Kh8 28. b5 axb5 29. axb5 g6 30. Bxc6 Bxc6 31. Rxc6 Qxc6 32. Qxc6 Rxc6
33. bxc6 Kg7 34. c7 f5 35. c8=Q Kf6 36. Kg2 Kg5 37. Qxe6 h5 38. h4+ Kh6 39. Qf7
g5 40. hxg5+ Kxg5 41. Qg7# 1-0